The Berenstain bears and the double dare / (Record no. 2934)

MARC details
000 -LEADER
fixed length control field 00991pam a2200289 a 4500
005 - DATE AND TIME OF LATEST TRANSACTION
control field 20240124132606.0
020 ## - INTERNATIONAL STANDARD BOOK NUMBER
International Standard Book Number 079808897488
040 ## - CATALOGING SOURCE
Original cataloging agency DLC
Transcribing agency DLC
Modifying agency DLC
Language of cataloging eng
050 00 - LIBRARY OF CONGRESS CALL NUMBER
Classification number PZ7.B4483
Item number 1988
082 00 - DEWEY DECIMAL CLASSIFICATION NUMBER
Classification number 489
100 1# - MAIN ENTRY--PERSONAL NAME
Personal name Berenstain, Stan
245 14 - TITLE STATEMENT
Title The Berenstain bears and the double dare /
Statement of responsibility, etc. Stan & Jan Berenstain.
250 ## - EDITION STATEMENT
Edition statement This edition was printing in 1988
260 ## - PUBLICATION, DISTRIBUTION, ETC.
Place of publication, distribution, etc. New York :
Name of publisher, distributor, etc. Random House,
Date of publication, distribution, etc. 1988
300 ## - PHYSICAL DESCRIPTION
Extent 29 unnumbered pages :
Other physical details color illustrations ;
Dimensions 21 cm .
490 1# - SERIES STATEMENT
Series statement Berenstain Bears First Time
Volume/sequential designation Book 28
505 ## - FORMATTED CONTENTS NOTE
Formatted contents note O <br/>
520 ## - SUMMARY, ETC.
Summary, etc. Brother Bear feels excited about joining Too-Tall Grizzly's gang until the members dare him to steal one of Farmer Ben's juicy watermelons.
521 ## - TARGET AUDIENCE NOTE
Target audience note 620 <br/>
Source Lexile <br/>
521 ## - TARGET AUDIENCE NOTE
Target audience note O <br/>
Source Raz-Plus <br/>
650 #1 - SUBJECT ADDED ENTRY--TOPICAL TERM
Topical term or geographic name entry element Conduct of life
General subdivision Fiction.
650 #1 - SUBJECT ADDED ENTRY--TOPICAL TERM
Topical term or geographic name entry element Bears
General subdivision Fiction.
700 1# - ADDED ENTRY--PERSONAL NAME
Personal name Berenstain, Jan
906 ## - LOCAL DATA ELEMENT F, LDF (RLIN)
a 7
b cbc
c orignew
d 1
e ocip
f 19
g y-gencatlg
942 ## - ADDED ENTRY ELEMENTS (KOHA)
Source of classification or shelving scheme Dewey Decimal Classification
Koha item type Books
Suppress in OPAC No
999 ## -
-- 2934
-- 2934
Holdings
Withdrawn status Lost status Source of classification or shelving scheme Damaged status Not for loan Collection Home library Current library Shelving location Date acquired Total Checkouts Full call number Barcode Date last seen Date last checked out Price effective from Koha item type
    Dewey Decimal Classification     Juvenile Fiction Footprints International School Library Network Toul Kork Campus Footprints International School Library Network Toul Kork Campus   01/24/2024 2 BER 489 PZ7.B4483 FISBK07112 06/05/2025 04/25/2025 01/24/2024 Books